|
|
|
|
| LEADER |
00754cam a2200205 a 4500 |
| 001 |
c000226068 |
| 003 |
CARM |
| 005 |
20061128132528.0 |
| 008 |
970530s1963 ilu 000 1 eng d |
| 019 |
1 |
|
|a 41358423
|5 LACONCORD2021
|
| 035 |
|
|
|a (OCoLC)2030681
|5 LACONCORD2021
|
| 040 |
|
|
|a VCAV
|c VCAV
|
| 100 |
1 |
|
|a Kauffman, Christmas Carol,
|d 1901-1969.
|
| 245 |
1 |
0 |
|a Hidden rainbow /
|c Christmas Carol Kauffman.
|
| 260 |
|
|
|a Chicago :
|b Moody Press,
|c 1963.
|
| 300 |
|
|
|a 379 p. ;
|c 18 cm.
|
| 655 |
|
7 |
|a Christian fiction.
|2 lcsh
|
| 852 |
8 |
|
|b CARM
|h A2:AP38A0
|i A04019
|p 0342995
|f BK
|
| 999 |
f |
f |
|i efafd65c-c847-52ef-9e06-3d7cb9718957
|s 68c3ea12-d428-5d5b-a8ac-efb04d3f279a
|
| 952 |
f |
f |
|p Can circulate
|a CAVAL
|b CAVAL
|c CAVAL
|d CARM 1 Store
|e A04019
|f A2:AP38A0
|h Other scheme
|i book
|m 0342995
|